| 000 | 00508nam a2200193 u 4500 | ||
|---|---|---|---|
| 005 | 20240806063937.0 | ||
| 008 | 140813s1990 mx r 000 0 spa d | ||
| 020 | _a9684932006 | ||
| 035 | _aUPN01000198775 | ||
| 049 | _aCG | ||
| 050 | 4 |
_aPQ7298.18 I7 _bA4.2 |
|
| 100 | 1 |
_aHiriart, Hugo, _d1942- _932025 |
|
| 245 | 1 | 0 |
_aAmbar / _cHugo Hiriart. |
| 260 |
_aMéxico : _bCal y Arena, _c1990. |
||
| 300 | _a117 p. | ||
| 650 | 2 |
_aTeatro mexicano _910342 |
|
| 650 | 4 |
_aLiteratura mexicana _94466 |
|
| 905 | _aLibro | ||
| 999 |
_c170876 _d170876 |
||